000 007300000a22002410004500
003 LK-CoMWRAF
005 20240118101613.0
008 230817t2006 ||||| |||| 00| 0 eng d
020 _a8174353100
040 _aLK-CoMWRAF
_dLK-CoMWRAF
_eLK-CoMWRAF
041 _aeng
082 _a297.577
_bGIF
242 _aTuḥfah-yi dulhan
245 _aGift to Bride:
_b(Tohfa-e-Dulhan)
260 _aNew Delhi:
_bAdam Publishera,
_c2006
300 _axxii, 652 p. ; 22 cm.
650 _aMUSLIM WOMEN-Religious life
650 _aMuslim women--Conduct of life.
650 _aMarriage--Religious aspects--Islam.
700 _aMajeed, Muḥammad Ḥaneef Abdul
_ecomp.
700 _aIlyas, Mufti Afzal Hussain
_etrans.
942 _cBK
999 _c1566
_d1566